[Event "HUN-chT2 Breyer 2324"]
[White "Bali, Janos"]
[Black "Giang, Tran Nam"]
[Site "Hungary"]
[Round "5.3"]
[Result "0-1"]
[Date "2024.03.03"]
[WhiteElo "2268"]
[BlackElo "2122"]
[PlyCount "110"]
[EventDate "2023.10.08"]
[EventType "team-tourn"]
[EventRounds "9"]
[EventCountry "HUN"]
[SourceTitle "EXT 2025"]
[Source "ChessBase"]
[SourceDate "2024.10.14"]
[SourceVersion "1"]
[SourceVersionDate "2024.10.14"]
[SourceQuality "1"]
[WhiteTeam "Barcza BEAC"]
[BlackTeam "Naszaly Geniusz Tata"]
[WhiteTeamCountry "HUN"]
[BlackTeamCountry "HUN"]

1. d4 Nf6 2. c4 e6 3. Nf3 d5 4. Nc3 dxc4 5. Bg5 h6 6. Bh4 Bb4 7. e3 b5 8. a4 c6 9. Be2 Bb7 10. 0-0 a6 11. Ne5 Be7 12. f4 Nbd7 13. Bf3 Nd5 14. Bxd5 exd5 15. Bxe7 Qxe7 16. axb5 cxb5 17. Qf3 Nf6 18. g4 b4 19. Ne2 Ne4 20. Qh3 0-0 21. Ng3 Nxg3 22. Qxg3 Rfe8 23. g5 f6 24. gxf6 Qxf6 25. Ng4 Qd6 26. Ra5 Kh7 27. Ne5 Rac8 28. f5 c3 29. f6 g5 30. bxc3 bxc3 31. Qh3 Qe6 32. Qh5 Rg8 33. Raa1 c2 34. Rac1 a5 35. Rf2 Ba6 36. Ng4 Rg6 37. Rcxc2 Bc4 38. Rb2 Rc7 39. Rb8 Bd3 40. Kg2 Be4+ 41. Kg3 Bf5 42. Ne5 Rxf6 43. Re8 Qd6 44. Ra8 Re7 45. Re8 Ra7 46. Qe2 Be4 47. Rc8 Rxf2 48. Qxf2 h5 49. Rc6 Qe7 50. Qb2 Qf8 51. Qb6 h4+ 52. Kg4 Qf5+ 53. Kh5 Bf3+ 54. Nxf3 Qxf3+ 55. Kxg5 Rg7+ 0-1

[Event "HUN-chT2 Erkel 1718"]
[White "Bali, Janos"]
[Black "Martian, Dragos Daniel"]
[Site "Hungary"]
[Round "4.6"]
[Result "0-1"]
[Date "2017.11.26"]
[WhiteElo "2293"]
[BlackElo "2210"]
[PlyCount "76"]
[EventDate "2017.09.24"]
[EventType "team-tourn"]
[EventRounds "11"]
[EventCountry "HUN"]
[SourceTitle "EXT 2021"]
[Source "ChessBase"]
[SourceDate "2020.10.23"]
[SourceVersion "1"]
[SourceVersionDate "2020.10.23"]
[SourceQuality "1"]
[WhiteTeam "Budapest EAC"]
[BlackTeam "Szigetszentmiklos"]
[WhiteTeamCountry "HUN"]
[BlackTeamCountry "HUN"]

1. d4 Nf6 2. c4 e6 3. Nf3 Bb4+ 4. Bd2 Qe7 5. a3 Bxd2+ 6. Qxd2 0-0 7. Nc3 d6 8. e4 e5 9. d5 a5 10. g3 a4 11. Qc2 Nbd7 12. Nxa4 Nxe4 13. Qxe4 Rxa4 14. Qc2 Nc5 15. b4 e4 16. bxc5 exf3+ 17. Kd1 Qe5 18. Ra2 Ra8 19. Bd3 g6 20. cxd6 Bd7 21. Qb2 Ba4+ 22. Kc1 Qxd6 23. Re1 b5 24. Qb4 bxc4 25. Qxd6 cxd6 26. Be4 Bb3 27. Ra1 Rfe8 28. Kd2 Re5 29. Bxf3 Rxe1 30. Kxe1 c3 31. Ke2 c2 32. Kd2 Ra4 33. Kc3 Rxa3 34. Rxa3 c1Q+ 35. Kxb3 Qd2 36. Kc4 Qxf2 37. Kb5 Qb2+ 38. Ka4 Qxh2 0-1

[Event "HUN-chT2 Charousek 1112"]
[White "Zsirai, Peter"]
[Black "Bali, Janos"]
[Site "Hungary"]
[Round "3"]
[Result "1/2-1/2"]
[Date "2011.11.13"]
[WhiteElo "2083"]
[BlackElo "2292"]
[PlyCount "88"]
[EventDate "2011.09.25"]
[EventType "team-tourn"]
[EventRounds "11"]
[EventCountry "HUN"]
[SourceTitle "EXT 2013"]
[Source "ChessBase"]
[SourceDate "2012.11.22"]
[SourceVersion "1"]
[SourceVersionDate "2012.11.22"]
[SourceQuality "1"]
[WhiteTeam "Aquaprofit II"]
[BlackTeam "BEAC"]
[WhiteTeamCountry "HUN"]
[BlackTeamCountry "HUN"]

1. e4 d6 2. d4 Nf6 3. Nc3 e5 4. Nf3 Nbd7 5. g4 exd4 6. Nxd4 Nc5 7. f3 Nxg4 8. Bf4 Ne5 9. Qd2 Ne6 10. 0-0-0 Nxf4 11. Qxf4 Be7 12. Rg1 0-0 13. Qg3 Ng6 14. f4 Bh4 15. Qg2 Bf6 16. Nde2 c6 17. e5 Nxe5 18. fxe5 Bxe5 19. Nd4 g6 20. Nf3 Bg7 21. h4 Qa5 22. Nd4 Qe5 23. Kb1 d5 24. Rh1 h6 25. Nf3 Qf4 26. Bd3 Bg4 27. Rdf1 Bxf3 28. Rxf3 Qe5 29. h5 g5 30. Rf5 Qd4 31. Rg1 Rae8 32. a3 b5 33. Rgf1 b4 34. axb4 Qxb4 35. Nd1 Rb8 36. Rxg5 hxg5 37. Qxg5 Qd4 38. h6 Rxb2+ 39. Kc1 Rb1+ 40. Kd2 Rxd1+ 41. Kxd1 Qa1+ 42. Kd2 Qc3+ 43. Kd1 Qa1+ 44. Kd2 Qc3+ 1/2-1/2

[Event "HUN-chT 0910"]
[White "Bali, Janos"]
[Black "Prohaszka, Peter"]
[Site "Hungary"]
[Round "6"]
[Result "0-1"]
[Date "2010.02.14"]
[WhiteElo "2264"]
[BlackElo "2510"]
[PlyCount "116"]
[EventDate "2009.11.08"]
[EventType "team-tourn"]
[EventRounds "11"]
[EventCountry "HUN"]
[SourceTitle "EXT 2011"]
[Source "ChessBase"]
[SourceDate "2010.11.26"]
[SourceVersion "1"]
[SourceVersionDate "2010.11.26"]
[SourceQuality "1"]
[WhiteTeam "BEAC"]
[BlackTeam "Aquaprofit"]
[WhiteTeamCountry "HUN"]
[BlackTeamCountry "HUN"]

1. d4 Nf6 2. c4 e6 3. Nf3 Bb4+ 4. Bd2 Qe7 5. Qc2 Bxd2+ 6. Nbxd2 d6 7. e4 e5 8. d5 Nbd7 9. b4 a5 10. bxa5 Nc5 11. Be2 Rxa5 12. 0-0 Ra7 13. Ne1 0-0 14. Bf3 Bd7 15. Nd3 Nxd3 16. Qxd3 Rfa8 17. Qb1 b6 18. Bd1 Bc8 19. Qb2 Nd7 20. Bb3 Nc5 21. Qc3 Qg5 22. Rae1 Bh3 23. Qxh3 Qxd2 24. Qe3 Qxe3 25. Rxe3 Ra3 26. g3 f6 27. h4 Kf8 28. Kg2 Ke7 29. f4 R8a4 30. Rff3 Rb4 31. f5 b5 32. cxb5 Nxe4 33. Re2 Nc5 34. Rc3 Kd8 35. Rec2 Rxb5 36. Rc4 Nxb3 37. axb3 Rxd5 38. Rg4 Rc5 39. Rf2 Rxb3 40. Rxg7 Rcc3 41. g4 Rg3+ 42. Kf1 Rb1+ 43. Ke2 Rb2+ 44. Kf1 Rb1+ 45. Ke2 e4 46. g5 e3 47. Rf3 Rb2+ 48. Kxe3 Rb3+ 49. Ke4 Rgxf3 50. g6 hxg6 51. fxg6 Rbe3+ 52. Kd4 Re7 53. Rg8+ Re8 54. Rg7 Rf4+ 55. Kd5 Re5+ 56. Kc6 Rc5+ 57. Kb7 Rb4+ 58. Ka6 Rb6+ 0-1

[Event "HUN-chT 0910"]
[White "Bali, Janos"]
[Black "Nagy, Daniel"]
[Site "Hungary"]
[Round "2"]
[Result "1/2-1/2"]
[Date "2009.11.22"]
[WhiteElo "2264"]
[BlackElo "2277"]
[PlyCount "80"]
[EventDate "2009.11.08"]
[EventType "team-tourn"]
[EventRounds "11"]
[EventCountry "HUN"]
[SourceTitle "EXT 2011"]
[Source "ChessBase"]
[SourceDate "2010.11.26"]
[SourceVersion "1"]
[SourceVersionDate "2010.11.26"]
[SourceQuality "1"]
[WhiteTeam "BEAC"]
[BlackTeam "Mako"]
[WhiteTeamCountry "HUN"]
[BlackTeamCountry "HUN"]

1. d4 d5 2. c4 e6 3. Nf3 c6 4. e3 Nf6 5. b3 Nbd7 6. Bb2 b6 7. Bd3 Bb7 8. Nbd2 Be7 9. Ne5 dxc4 10. Bxc4 Bb4 11. Nxd7 Ne4 12. Bc1 Qxd7 13. 0-0 Nxd2 14. Bxd2 Bxd2 15. Qxd2 c5 16. Qe2 cxd4 17. Rfd1 0-0 18. Rxd4 Qc6 19. f3 Qc5 20. Qd2 a5 21. a4 Rac8 22. Rd1 g6 23. Kh1 Rc7 24. e4 Bc6 25. Bf1 Qe7 26. Rc1 Rfc8 27. h3 Be8 28. Rxc7 Qxc7 29. Ba6 Rb8 30. Qg5 Ra8 31. Bc4 Rb8 32. e5 b5 33. axb5 Bxb5 34. Bxb5 Rxb5 35. Rd8+ Kg7 36. Qf6+ Kh6 37. f4 Rb4 38. Qg5+ Kg7 39. Qf6+ Kh6 40. Qg5+ Kg7 1/2-1/2

[Event "HUN-chT 0910"]
[White "Gara, Anita"]
[Black "Bali, Janos"]
[Site "Hungary"]
[Round "1"]
[Result "0-1"]
[Date "2009.11.08"]
[WhiteElo "2365"]
[BlackElo "2264"]
[PlyCount "142"]
[EventDate "2009.11.08"]
[EventType "team-tourn"]
[EventRounds "11"]
[EventCountry "HUN"]
[SourceTitle "EXT 2011"]
[Source "ChessBase"]
[SourceDate "2010.11.26"]
[SourceVersion "1"]
[SourceVersionDate "2010.11.26"]
[SourceQuality "1"]
[WhiteTeam "Penzugyor"]
[BlackTeam "BEAC"]
[WhiteTeamCountry "HUN"]
[BlackTeamCountry "HUN"]

1. e4 d6 2. d4 Nf6 3. Nc3 e5 4. Nf3 Nbd7 5. Bc4 Be7 6. 0-0 0-0 7. Re1 c6 8. a4 a5 9. Ba2 Ne8 10. Be3 Nc7 11. Qe2 Bf6 12. Rad1 Qe7 13. h3 Re8 14. dxe5 dxe5 15. Qc4 Ne6 16. Rd2 Ndc5 17. Rb1 Na6 18. Rbd1 Nb4 19. Bb3 b6 20. Qf1 Ba6 21. Bc4 Nc5 22. Bxa6 Nbxa6 23. Rd6 Qc7 24. Qc4 Rad8 25. Rxd8 Rxd8 26. Rxd8+ Qxd8 27. g3 h6 28. Kg2 Qd6 29. Nd2 Bd8 30. Qe2 Bc7 31. Nc4 Qd7 32. Qh5 Qe6 33. b3 Nd7 34. Qe2 Nac5 35. Qd2 Kh7 36. Qd1 Qf6 37. Qg4 Ne6 38. Ne2 Qg6 39. Qf5 Qxf5 40. exf5 Nec5 41. Nc3 g6 42. g4 gxf5 43. gxf5 Kg7 44. Kf3 Kf6 45. Ne4+ Kxf5 46. Nxc5 Nxc5 47. Nxa5 e4+ 48. Ke2 bxa5 49. Bxc5 Ke5 50. Bf8 h5 51. Bg7+ Kd5 52. Bf6 Ke6 53. Bd4 Kd5 54. Ke3 Bf4+ 55. Kxf4 Kxd4 56. Kg5 c5 57. Kxh5 Kc3 58. Kg4 Kxc2 59. h4 Kxb3 60. h5 c4 61. h6 c3 62. h7 c2 63. h8Q c1Q 64. Qd4 Qc4 65. Qd1+ Kb4 66. Kf4 e3+ 67. Kf3 e2 68. Qd6+ Kxa4 69. Qe5 f5 70. Qe8+ Kb3 71. Kg3 Qc3+ 0-1

[Event "HUN-chT2 Maroczy 0809"]
[White "Bali, Janos"]
[Black "Gal, Jozsef Istvan"]
[Site "Hungary"]
[Round "11"]
[Result "1/2-1/2"]
[Date "2009.04.19"]
[WhiteElo "2265"]
[BlackElo "2347"]
[PlyCount "42"]
[EventDate "2008.10.26"]
[EventType "tourn"]
[EventRounds "11"]
[EventCountry "HUN"]
[SourceTitle "EXT 2010"]
[Source "ChessBase"]
[SourceDate "2010.11.25"]
[SourceVersion "1"]
[SourceVersionDate "2010.11.25"]
[SourceQuality "1"]
[WhiteTeam "Fuzesabony"]
[BlackTeam "Hajduboszormeny"]
[WhiteTeamCountry "HUN"]
[BlackTeamCountry "HUN"]

1. d4 Nf6 2. c4 c5 3. d5 b5 4. Nf3 e6 5. dxe6 fxe6 6. cxb5 d5 7. Bg5 Qa5+ 8. Qd2 Qxb5 9. Bxf6 gxf6 10. e4 Qb7 11. exd5 exd5 12. Nc3 Be6 13. Bb5+ Nd7 14. 0-0 Bd6 15. Rfe1 Kf7 16. Bxd7 Qxd7 17. Rad1 Rad8 18. Qh6 Bf8 19. Qf4 Bd6 20. Qh6 Bf8 21. Qf4 Bd6 1/2-1/2

[Event "HUN-chT2 Maroczy 0809"]
[White "Boricsev, Oleg"]
[Black "Bali, Janos"]
[Site "Hungary"]
[Round "1"]
[Result "1-0"]
[Date "2008.10.26"]
[WhiteElo "2287"]
[BlackElo "2265"]
[PlyCount "103"]
[EventDate "2008.10.26"]
[EventType "tourn"]
[EventRounds "11"]
[EventCountry "HUN"]
[SourceTitle "EXT 2010"]
[Source "ChessBase"]
[SourceDate "2010.11.25"]
[SourceVersion "1"]
[SourceVersionDate "2010.11.25"]
[SourceQuality "1"]
[WhiteTeam "Munkacs"]
[BlackTeam "Fuzesabony"]
[WhiteTeamCountry "HUN"]
[BlackTeamCountry "HUN"]

1. e4 d6 2. d4 Nf6 3. Nc3 e5 4. dxe5 dxe5 5. Qxd8+ Kxd8 6. Bg5 Bd6 7. Bc4 Be6 8. Bxe6 fxe6 9. 0-0-0 Ke7 10. Nge2 h6 11. Bxf6+ gxf6 12. Nb5 a6 13. Nxd6 cxd6 14. Rd3 Nc6 15. Rhd1 Rad8 16. Rg3 Rhg8 17. Rdd3 d5 18. Rxg8 Rxg8 19. Rg3 Rxg3 20. Nxg3 dxe4 21. Nxe4 b6 22. Kd2 f5 23. Nc3 e4 24. Na4 b5 25. Nc5 a5 26. a4 bxa4 27. Nxa4 Ne5 28. h3 Kd6 29. b3 Ng6 30. Nb2 Kc5 31. Nc4 a4 32. Kc3 axb3 33. cxb3 Nh4 34. b4+ Kb5 35. g4 Kc6 36. Kd4 Kb5 37. Nd6+ Kxb4 38. Ke5 Kc3 39. Kxe6 f4 40. Nxe4+ Kd4 41. Nd6 Kd3 42. Nf5 Nf3 43. Nxh6 Ng5+ 44. Kf5 Nxh3 45. g5 Nxf2 46. g6 f3 47. g7 Nd1 48. Ng4 Ne3+ 49. Nxe3 Kxe3 50. g8Q f2 51. Qc4 Kf3 52. Qf1 1-0

[Event "HUN-chT2 Maroczy 0708"]
[White "Bali, Janos"]
[Black "Papp, Abel"]
[Site "Hungary"]
[Round "8"]
[Result "1/2-1/2"]
[Date "2008.03.16"]
[WhiteElo "2256"]
[BlackElo "2195"]
[PlyCount "38"]
[EventDate "2007.10.14"]
[EventType "team-tourn"]
[EventRounds "11"]
[EventCountry "HUN"]
[SourceTitle "EXT 2009"]
[Source "ChessBase"]
[SourceDate "2008.11.26"]
[SourceVersion "1"]
[SourceVersionDate "2008.11.26"]
[SourceQuality "1"]
[WhiteTeam "Fuzesabony"]
[BlackTeam "Miskolc EMSE"]
[WhiteTeamCountry "HUN"]
[BlackTeamCountry "HUN"]

1. d4 d5 2. c4 c6 3. Nf3 Nf6 4. Qc2 dxc4 5. Qxc4 Bf5 6. Qb3 Qb6 7. Qxb6 axb6 8. Nc3 e6 9. Nh4 Bg6 10. Nxg6 hxg6 11. e4 b5 12. f3 Nbd7 13. Be3 Bb4 14. Be2 0-0 15. 0-0 Bxc3 16. bxc3 Ra3 17. Bc1 Rxc3 18. Rd1 Ra8 19. Bd3 Rb3 1/2-1/2

[Event "HUN-chT2 Maroczy 0708"]
[White "Csirik, Andras"]
[Black "Bali, Janos"]
[Site "Hungary"]
[Round "3"]
[Result "0-1"]
[Date "2007.11.25"]
[WhiteElo "2194"]
[BlackElo "2256"]
[PlyCount "66"]
[EventDate "2007.10.14"]
[EventType "team-tourn"]
[EventRounds "11"]
[EventCountry "HUN"]
[SourceTitle "EXT 2009"]
[Source "ChessBase"]
[SourceDate "2008.11.26"]
[SourceVersion "1"]
[SourceVersionDate "2008.11.26"]
[SourceQuality "1"]
[WhiteTeam "Maroczy"]
[BlackTeam "Fuzesabony"]
[WhiteTeamCountry "HUN"]
[BlackTeamCountry "HUN"]

1. e4 d6 2. d4 Nf6 3. Nc3 Nbd7 4. Be3 e5 5. Nge2 Be7 6. f3 0-0 7. Qd2 c6 8. 0-0-0 b5 9. g4 b4 10. Nb1 exd4 11. Nxd4 Ne5 12. g5 Ne8 13. f4 c5 14. Nf5 Nc6 15. Bc4 Be6 16. Bd5 Rc8 17. Rhg1 b3 18. axb3 Nb4 19. Nc3 Bxf5 20. exf5 Qa5 21. Na4 Nc7 22. Qe1 Ncxd5 23. Rxd5 Qa6 24. Rd1 Rfe8 25. f6 Bf8 26. f5 d5 27. g6 Qxf6 28. Qd2 fxg6 29. fxg6 hxg6 30. Bxc5 Rxc5 31. Nxc5 Bxc5 32. Rge1 Rc8 33. Qe2 Be3+ 0-1

[Event "HUN-chT2 Maroczy 0607"]
[White "Papp, Abel"]
[Black "Bali, Janos"]
[Site "Hungary"]
[Round "6"]
[Result "1-0"]
[Date "2007.03.04"]
[WhiteElo "2197"]
[BlackElo "2281"]
[PlyCount "111"]
[EventDate "2006.11.12"]
[EventType "team-tourn"]
[EventRounds "11"]
[EventCountry "HUN"]
[SourceTitle "EXT 2008"]
[Source "ChessBase"]
[SourceDate "2007.11.25"]
[SourceVersion "1"]
[SourceVersionDate "2007.11.25"]
[SourceQuality "1"]
[WhiteTeam "Miskolc EMSE"]
[BlackTeam "Fuzesabony"]
[WhiteTeamCountry "HUN"]
[BlackTeamCountry "HUN"]

1. e4 d6 2. d4 g6 3. Nc3 Bg7 4. g3 Nf6 5. Bg2 0-0 6. Nge2 c6 7. a4 e5 8. h3 exd4 9. Nxd4 d5 10. exd5 Nxd5 11. Nxd5 cxd5 12. c3 Nc6 13. Nc2 Re8+ 14. Be3 Bf5 15. 0-0 Be4 16. Bxe4 dxe4 17. Qe2 Ne5 18. Rfd1 Qc8 19. Kg2 Nd3 20. Ne1 Ne5 21. Bd4 f5 22. Bxe5 Bxe5 23. Nc2 Qe6 24. Qb5 Re7 25. Qd5 Kf7 26. Ne3 Rc8 27. Qb5 Rc6 28. Nd5 Rd7 29. Ne3 Rdc7 30. Rd5 a6 31. Qe2 Rd7 32. Rxd7+ Qxd7 33. Rd1 Qe6 34. Rd5 Rd6 35. c4 Rxd5 36. Nxd5 b5 37. axb5 axb5 38. b3 Qc6 39. Qa2 Bd4 40. Qa3 Bc5 41. Qb2 bxc4 42. bxc4 Bf8 43. Qa2 g5 44. Qa7+ Kg6 45. h4 gxh4 46. Nf4+ Kh6 47. Qf7 e3+ 48. f3 Qd6 49. Qxf5 hxg3 50. Kxg3 Kg7 51. c5 Qc7 52. Kg2 Kg8 53. Qxf8+ Kxf8 54. Ne6+ Ke7 55. Nxc7 Kd7 56. Nd5 1-0

[Event "HUN-chT2 Maroczy 0607"]
[White "Deak, Sandor"]
[Black "Bali, Janos"]
[Site "Hungary"]
[Round "5"]
[Result "1-0"]
[Date "2007.02.18"]
[WhiteElo "2324"]
[BlackElo "2281"]
[PlyCount "67"]
[EventDate "2006.11.12"]
[EventType "team-tourn"]
[EventRounds "11"]
[EventCountry "HUN"]
[SourceTitle "EXT 2008"]
[Source "ChessBase"]
[SourceDate "2007.11.25"]
[SourceVersion "1"]
[SourceVersionDate "2007.11.25"]
[SourceQuality "1"]
[WhiteTeam "Teva"]
[BlackTeam "Fuzesabony"]
[WhiteTeamCountry "HUN"]
[BlackTeamCountry "HUN"]

1. d4 c5 2. d5 e5 3. Nc3 d6 4. e4 a6 5. a4 Be7 6. Be2 Bg5 7. Nf3 Bxc1 8. Qxc1 Bg4 9. Nd2 Bxe2 10. Nxe2 Nf6 11. 0-0 0-0 12. a5 Nbd7 13. Nc3 Nh5 14. Nc4 Qe7 15. Qd1 g6 16. Ra3 Ndf6 17. Rb3 Ne8 18. g3 Rd8 19. f4 exf4 20. gxf4 f5 21. e5 dxe5 22. fxe5 Qg5+ 23. Kh1 Qh4 24. Qd3 f4 25. Ne4 f3 26. Ncd2 c4 27. Qxc4 Rf4 28. d6+ Kg7 29. Rbxf3 Kh6 30. Rxf4 Nxf4 31. Qf7 Nh5 32. Qe7 Qxe7 33. dxe7 Rb8 34. Rf6 1-0

[Event "HUN-chT2 Maroczy 0607"]
[White "Bali, Janos"]
[Black "Biro, David"]
[Site "Hungary"]
[Round "1"]
[Result "1/2-1/2"]
[Date "2006.11.12"]
[WhiteElo "2281"]
[BlackElo "2198"]
[PlyCount "62"]
[EventDate "2006.11.12"]
[EventType "team-tourn"]
[EventRounds "11"]
[EventCountry "HUN"]
[SourceTitle "EXT 2008"]
[Source "ChessBase"]
[SourceDate "2007.11.25"]
[SourceVersion "1"]
[SourceVersionDate "2007.11.25"]
[SourceQuality "1"]
[WhiteTeam "Fuzesabony"]
[BlackTeam "Husi"]
[WhiteTeamCountry "HUN"]
[BlackTeamCountry "HUN"]

1. d4 g6 2. e4 d6 3. c4 Bg7 4. Nc3 Nf6 5. f3 0-0 6. Be3 c5 7. Nge2 Nbd7 8. Qd2 a6 9. d5 Ne5 10. Nc1 e6 11. a4 exd5 12. cxd5 Rb8 13. Be2 Bd7 14. a5 b5 15. axb6 Bb5 16. Nxb5 axb5 17. b4 c4 18. Ra5 Rxb6 19. Bxb6 Qxb6 20. Na2 Ne8 21. Nc3 Nc7 22. Kd1 Qf2 23. Bf1 Qb6 24. Kc2 Rc8 25. Kb1 Ra8 26. Rxa8+ Nxa8 27. h3 Nc7 28. f4 Bh6 29. g4 Nf3 30. Qe2 Ng1 31. Qd2 Nf3 1/2-1/2

[Event "HUN-chT2 Erkel 0506"]
[White "Kiss, Gergely"]
[Black "Bali, Janos"]
[Site "Hungary"]
[Round "7"]
[Result "1-0"]
[Date "2006.02.12"]
[WhiteElo "2313"]
[BlackElo "2312"]
[PlyCount "67"]
[EventDate "2005.10.16"]
[EventType "team-tourn"]
[EventRounds "11"]
[EventCountry "HUN"]
[SourceTitle "EXT 2009"]
[Source "ChessBase"]
[SourceDate "2008.11.26"]
[SourceVersion "1"]
[SourceVersionDate "2008.11.26"]
[SourceQuality "1"]
[WhiteTeam "Stat PSC II"]
[BlackTeam "Fuzesabony"]
[WhiteTeamCountry "HUN"]
[BlackTeamCountry "HUN"]

1. e4 g6 2. Nf3 Bg7 3. d4 d6 4. Nc3 Nf6 5. Be2 0-0 6. 0-0 c6 7. h3 e5 8. dxe5 dxe5 9. Qxd8 Rxd8 10. Be3 Nbd7 11. Rad1 Re8 12. a4 Nf8 13. b4 Nh5 14. Bc4 h6 15. Rd6 Nf4 16. b5 Be6 17. Bxe6 Rxe6 18. Rxe6 N8xe6 19. bxc6 bxc6 20. Rd1 c5 21. Nd5 Ne2+ 22. Kf1 N2d4 23. c3 Nxf3 24. gxf3 Rb8 25. Ne7+ Kh8 26. Rd7 a6 27. Nd5 Rb1+ 28. Kg2 Ra1 29. Rxf7 Rxa4 30. Re7 Nf4+ 31. Bxf4 exf4 32. Re8+ Kh7 33. e5 c4 34. Nf6+ 1-0